South Carolina : (Record no. 803)

MARC details
000 -LEADER
fixed length control field 00957pam a2200277 a 4500
001 - CONTROL NUMBER
control field 2142020
003 - CONTROL NUMBER IDENTIFIER
control field OSt
005 - DATE AND TIME OF LATEST TRANSACTION
control field 20230607102602.0
008 - FIXED-LENGTH DATA ELEMENTS--GENERAL INFORMATION
fixed length control field 980406s1998 scuab b s001 0 eng
010 ## - LIBRARY OF CONGRESS CONTROL NUMBER
LC control number 98019679
020 ## - INTERNATIONAL STANDARD BOOK NUMBER
International Standard Book Number 1570032556
040 ## - CATALOGING SOURCE
Original cataloging agency DLC
Transcribing agency DLC
Modifying agency DLC
043 ## - GEOGRAPHIC AREA CODE
Geographic area code n-us-sc
050 00 - LIBRARY OF CONGRESS CALL NUMBER
Classification number F269
Item number .E34 1998
082 00 - DEWEY DECIMAL CLASSIFICATION NUMBER
Classification number 975.7
Edition number 21
100 1# - MAIN ENTRY--PERSONAL NAME
Personal name Edgar, Walter B.,
Dates associated with a name 1943-
245 10 - TITLE STATEMENT
Title South Carolina :
Remainder of title a history /
Statement of responsibility, etc. Walter Edgar.
260 ## - PUBLICATION, DISTRIBUTION, ETC. (IMPRINT)
Place of publication, distribution, etc. Columbia, S.C. :
Name of publisher, distributor, etc. University of South Carolina Press,
Date of publication, distribution, etc. c1998.
300 ## - PHYSICAL DESCRIPTION
Extent xxiii, 716 p. :
Other physical details ill. (some col.), maps ;
Dimensions 27 cm.
504 ## - BIBLIOGRAPHY, ETC. NOTE
Bibliography, etc Includes bibliographical references (p. [681]-687) and index.
651 #0 - SUBJECT ADDED ENTRY--GEOGRAPHIC NAME
Geographic name South Carolina
General subdivision History.
906 ## - LOCAL DATA ELEMENT F, LDF (RLIN)
a 7
b cbc
c orignew
d 1
e ocip
f 19
g y-gencatlg
942 ## - ADDED ENTRY ELEMENTS (KOHA)
Source of classification or shelving scheme Dewey Decimal Classification
Koha item type Books
Holdings
Withdrawn status Lost status Source of classification or shelving scheme Damaged status Not for loan Home library Current library Date acquired Total Checkouts Full call number Barcode Date last seen Price effective from Koha item type
    Dewey Decimal Classification     Bunge Tower Library Bunge Tower Library 06/07/2023   975.7 EDG 10015094 06/07/2023 06/07/2023 Books
LIBRARY OPENING HOURS

When the Parliament is sitting: 8.00a.m - 7.00p.m or until the house adjourns
Mondays and Fridays and when the House is on Recess:  8.00a.m - 5.00p.m
Closed on Weekends and Public Holidays

Online Public Access Catalog (OPAC)
Website: http://www.parliament.go.ke
Bunge Library: https://libraryir.parliament.go.ke
Contact: library@parliament.go.ke | Tel no: (254-2)2221291 or 2848000 Ext 5043